000 00780cam a2200253 i 4500
001 4189148
003 ARRUPE
005 20150307020006.0
008 800123s1980 nyu b 000 0 eng
010 _a 80010533
020 _a0829803920 :
_c$10.95
040 _aDLC
_cDLC
_dDLC
050 0 0 _aHQ76.25
_b.H674
100 _4Batchelor, Edward
245 0 0 _aHomosexuality and ethics /
_c[edited] by Edward Batchelor, Jr.
260 _aNew York :
_bPilgrim Press,
_cc1980.
300 _a261 p. ;
_c24 cm.
504 _aBibliography: p. 244-247.
650 0 _aHomosexuality
_xMoral and ethical aspects.
_9820
650 0 _aSexual ethics.
_9821
700 1 _aBatchelor, Edward,
_d1930-
_9822
906 _a7
_bcbc
_corignew
_d1
_eocip
_f19
_gy-gencatlg
942 _2lcc
_cMONOGRAPH
_01
999 _c117937
_d117937